| 000 | 00364nam a2200133Ia 4500 | ||
|---|---|---|---|
| 005 | 20260326100048.0 | ||
| 008 | 260326s9999||||xx |||||||||||||| ||und|| | ||
| 100 | _aMinsner, Mary | ||
| 245 | 0 |
_aLiving Spaces : _b 21 Contemporary Canadian Homes / _cMary Minsner |
|
| 260 | _bCambridge Galleries | ||
| 300 | _a60 p. | ||
| 650 | _aARQUITECTURA RESIDENCIAL | ||
| 942 | _cBK | ||
| 999 |
_c7272 _d7272 |
||